000 00601nam a22002177a 4500
003 OSt
005 20210419081121.0
008 201214s1983 ||||| |||| 00| 0 eng d
020 _a0802730450
040 _aeng
_beng
_cDLC
_deng
041 _aeng
080 _a821.111
_bH-15
100 _9476
_aHaggard, William
245 _aToo Many Enemies
_c/ by: Walker and Company
260 _aNew York
_bWalker and Company
_c1983
300 _a188 p.
365 _b2.95 usd
650 0 _9254
_aEnglish literature
653 _aინგლისური ლიტერატურა
942 _2udc
_cBK
_e1
999 _c1868
_d1868